000 00558nam a2200217Ia 4500
005 20260429112150.0
008 260429s9999||||xx |||||||||||||| ||und||
020 _a9789354798283
041 _aEnglish
082 _a361.4
_bCRA
100 _aCrawford, Karin
245 0 _aGroupwork practice for social workers /
_cKarin Crawford
250 _a1st ed.
260 _aNew Delhi :
_bSage,
_c2025.
300 _avi, 180 p.; pbk
650 _a Group work
650 _aSocial workers
700 _a Price, Bob
700 _a Price, Marie
942 _cTB
999 _c52681
_d52681